Kaedah kuantitatif : suatu pengenalan

Bibliographic Details
Main Author: Amir Hussin Baharuddin
Format: Book
Published: Kuala Lumpur : Dewan Bahasa dan Pustaka , 1989
Subjects:

MARC

LEADER 00000cam a2200000 7i4500
001 0000001063
005 20050423.0
020 |a 98362280 
040 |a INS 
090 0 0 |a QA43.   |b A51 1989 
100 1 |a Amir Hussin Baharuddin 
245 1 0 |a Kaedah kuantitatif :   |b suatu pengenalan   |c Amir Hussin Baharuddin 
260 |a Kuala Lumpur :   |b Dewan Bahasa dan Pustaka ,   |c 1989 
300 |a 536p ;   |c 24cm. 
500 |a Indexs include 
650 0 0 |a Methodology 
650 0 0 |a Research 
999 |a 0000003414   |b BOOK   |c Open Shelf   |e Default branch 
999 |a 0000003485   |b BOOK   |c Open Shelf   |e Default branch